[Event "NCA-ch Fase 2"]
[Site "Managua"]
[Date "2022.01.29"]
[Round "4"]
[White "Avalos, Carlos"]
[Black "Rodriguez Guerrero, Axel Fabian"]
[Result "1-0"]
[WhiteElo "1784"]
[BlackElo "1425"]
[PlyCount "129"]
[EventDate "2022.01.22"]
[EventType "swiss"]
[EventRounds "9"]
[EventCountry "NCA"]
[SourceTitle "CBM 207 Extra"]
[Source "ChessBase"]
[SourceDate "2022.05.31"]
[SourceVersion "1"]
[SourceVersionDate "2022.05.31"]
[SourceQuality "1"]

1. d4 d5 2. Nf3 e6 3. e3 Nf6 4. Bd3 Nbd7 5. 0-0 Be7 6. b3 0-0 7. Bb2 b6 8. Nbd2 Bb7 9. Ne5 Re8 10. Qf3 Nf8 11. Qh3 c5 12. Ndf3 Ne4 13. Bb5 f6 14. Nc6 Qc7 15. Nxe7+ Rxe7 16. dxc5 bxc5 17. Bd3 Rd8 18. c4 dxc4 19. Bxc4 Bd5 20. Rac1 Red7 21. Bd3 Qa5 22. Bb1 Rc8 23. Rfd1 Qc7 24. Ba3 Qa5 25. Bxe4 Qxa3 26. Bb1 Rcd8 27. Re1 Bb7 28. g4 Qb4 29. Rc4 Qa5 30. Rcc1 Qb6 31. e4 Ng6 32. Qg3 e5 33. Nh4 Nf4 34. Qc3 Ba6 35. Qe3 Bd3 36. Rcd1 Bxb1 37. Rxd7 Rxd7 38. Rxb1 Rd3 39. Qe1 Qb7 40. Ng2 Nxg2 41. Kxg2 Qd7 42. f3 Rd2+ 43. Kg3 Qd3 44. Rc1 Re2 45. Qc3 Qxc3 46. Rxc3 Rxa2 47. Rxc5 Rb2 48. Ra5 Rxb3 49. Rxa7 h6 50. h4 Rd3 51. g5 h5 52. g6 Kf8 53. Ra8+ Ke7 54. Rh8 Rd8 55. Rxh5 Rg8 56. Rf5 Ke6 57. h5 Rh8 58. f4 Kd6 59. fxe5+ fxe5 60. Rf7 Rxh5 61. Rxg7 Rg5+ 62. Kh4 Rg1 63. Ra7 Ke6 64. Ra6+ Ke7 65. Kh5 1-0

[Event "Managua Hurtado Memorial op"]
[Site "Managua"]
[Date "2021.12.30"]
[Round "8"]
[White "Useda Bodan, Jesus Ernesto"]
[Black "Rodriguez Guerrero, Axel Fabian"]
[Result "0-1"]
[WhiteElo "1496"]
[BlackElo "1425"]
[PlyCount "54"]
[EventDate "2021.12.26"]
[EventType "swiss"]
[EventRounds "9"]
[EventCountry "NCA"]
[SourceTitle "CBM 206 Extra"]
[Source "ChessBase"]
[SourceDate "2022.03.31"]
[SourceVersion "1"]
[SourceVersionDate "2022.03.31"]
[SourceQuality "1"]

1. c4 c5 2. Nf3 e6 3. d4 cxd4 4. Nxd4 a6 5. e4 Qc7 6. Be2 Nf6 7. Nc3 Bb4 8. Qc2 Nc6 9. Be3 b6 10. 0-0 Bb7 11. f3 Bc5 12. Qd2 Ne5 13. b3 d5 14. cxd5 exd5 15. Nxd5 Bxd5 16. exd5 Nxd5 17. Nf5 Nxe3 18. Nxe3 Rd8 19. Qc3 Nd3 20. Qxg7 Bxe3+ 21. Kh1 Bd4 22. Qg5 Bxa1 23. Rxa1 Qe5 24. Qxe5+ Nxe5 25. Bxa6 0-0 26. f4 Ng4 27. Kg1 Rd2 0-1

[Event "NCA-ch op"]
[Site "Managua"]
[Date "2021.08.29"]
[Round "3"]
[White "Rodriguez Guerrero, Axel Fabian"]
[Black "Pomares, Roberto Carlos"]
[Result "0-1"]
[WhiteElo "1485"]
[BlackElo "1421"]
[PlyCount "82"]
[EventDate "2021.08.28"]
[EventType "swiss"]
[EventRounds "9"]
[EventCountry "NCA"]
[SourceTitle "EXT 2023"]
[Source "ChessBase"]
[SourceDate "2022.10.05"]
[SourceVersion "1"]
[SourceVersionDate "2022.10.05"]
[SourceQuality "1"]

1. e4 c5 2. Nf3 d6 3. d4 cxd4 4. Nxd4 Nf6 5. Nc3 a6 6. Bc4 e6 7. Be3 b5 8. Bb3 Be7 9. f3 Qc7 10. Qd2 Nc6 11. 0-0-0 Nxd4 12. Bxd4 Bb7 13. g4 0-0 14. h4 Nd7 15. Kb1 Ne5 16. Qf2 Rfc8 17. Rdg1 Nd7 18. g5 Nc5 19. h5 Nxb3 20. cxb3 b4 21. Na4 Rf8 22. g6 e5 23. Bb6 Qd7 24. gxh7+ Kxh7 25. Be3 Bd8 26. Qg3 Rg8 27. Bg5 Qe6 28. Bxd8 Raxd8 29. Nb6 d5 30. Nxd5 Bxd5 31. exd5 Rxd5 32. Rh4 Rd4 33. Rxd4 exd4 34. Qg2 d3 35. Qd2 Rd8 36. Qg5 Rg8 37. Qd2 Qf5 38. Qg2 d2+ 39. Ka1 Qc2 40. Qh1 Rc8 41. Rb1 Qc1 0-1